Základy právnej úpravy medzinárodného obchodného styku

Guardado en:
Detalles Bibliográficos
Autor principal: Tóth, Ľudovít
Formato: Libro
Lenguaje:eslovaco
Publicado: Bratislava Edičné stredisko VŠE 1970
Etiquetas: Agregar Etiqueta
Sin Etiquetas, Sea el primero en etiquetar este registro!

MARC

LEADER 00000nam a2200000 4500
001 c123921
005 20250724073058.3
041 0 |a slo 
044 |a SK 
245 1 0 |a Základy právnej úpravy medzinárodného obchodného styku  |c Ľudovít Tóth 
264 1 |a Bratislava  |b Edičné stredisko VŠE  |c 1970 
300 |a 192 s. 
100 1 |a Tóth, Ľudovít